000 00657nam a2200253Ia 4500
003 OSt
005 20221007075657.0
006 a|||||r|||| 00| 0
007 ta
008 221006b |||||||| |||| 00| 0 eng d
020 _cRs.650/-
024 _a23,706
037 _cTextual
040 _aFLL
_cFLL
_beng
041 _2eng
_aeng
082 _aZ2,135, N6
100 _aDewan V.K.
_9264871
245 0 _aLaw of citizenship, foreigners & passports
250 _a3rd
260 _aNew Delhi
_bOrient Law House India
_c1996
300 _axl,1-1068p
_ccm.
942 _hZ2,135, N6
_cTEXL
_2CC
999 _c1156980
_d1156980